[Event "Fagernes GM Swiss 2020"]
[Site "Fagernes"]
[Date "2020.10.07"]
[Round "5.6"]
[White "Haldorsen, Benjamin"]
[Black "Carlsson, Ludvig"]
[Result "1/2-1/2"]
[WhiteElo "2469"]
[BlackElo "2281"]
[Annotator "ChessBase"]
[PlyCount "73"]
[EventDate "2020.10.04"]
[EventType "swiss"]
[EventCountry "NOR"]
[SourceTitle "playchess.com"]
[Source "ChessBase"]
[SourceQuality "1"]
[TimeControl "40/6000+30:2400+30"]

1. e4 {[%emt 0:00:16]} e5 {[%emt 0:00:00]} 2. Bc4 {[%emt 0:00:07]} Nf6 {[%emt 0:00:13]} 3. d3 {[%emt 0:00:20]} Bc5 {[%emt 0:02:07]} 4. Nf3 {[%emt 0:00:13]} d6 {[%emt 0:00:57]} 5. c3 {[%emt 0:00:34]} Bb6 {[%emt 0:03:10]} 6. Nbd2 {[%emt 0:00:45]} O-O {[%emt 0:00:33]} 7. h3 {[%emt 0:00:56]} c6 {[%emt 0:02:43]} 8. Bb3 {[%emt 0:03:05]} Nbd7 {[%emt 0:06:39]} 9. O-O {[%emt 0:05:52]} d5 {[%emt 0:02:32]} 10. Re1 {[%emt 0:03:46]} dxe4 {[%emt 0:13:38]} 11. Nxe4 {[%emt 0:15:40]} Nxe4 {[%emt 0:14:50]} 12. dxe4 {[%emt 0:00:12]} h6 {[%emt 0:00:37]} 13. Qd6 {[%emt 0:13:22]} Bc7 {[%emt 0:00:29]} 14. Qg6 {[%emt 0:00:38]} Qf6 {[%emt 0:00:06]} 15. Qg3 {[%emt 0:00:52]} Nc5 {[%emt 0:09:08]} 16. Bc2 {[%emt 0:01:27]} Ne6 {[%emt 0:00:15]} 17. a4 {[%emt 0:09:22]} a5 {[%emt 0:05:12]} 18. Nh2 {[%emt 0:00:28]} Rd8 {[%emt 0:05:32]} 19. Be3 {[%emt 0:12:40]} Nf4 {[%emt 0:01:52]} 20. Bxf4 {[%emt 0:02:27]} exf4 {[%emt 0:04:27]} 21. Qf3 {[%emt 0:00:08]} Be5 {[%emt 0:00:09]} 22. Rad1 {[%emt 0:02:39]} Be6 {[%emt 0:00:18]} 23. Ng4 {[%emt 0:11:33]} Qg5 {[%emt 0:01:30]} 24. Rxd8+ {[%emt 0:01:06]} Rxd8 {[%emt 0:00:10]} 25. Nxe5 {[%emt 0:00:10]} Qxe5 {[%emt 0:00:07]} 26. Rd1 {[%emt 0:00:06]} Rd6 {[%emt 0:00:50]} 27. Qe2 {[%emt 0:02:02]} Rxd1+ {[%emt 0:06:08]} 28. Qxd1 {[%emt 0:00:13]} Qg5 {[%emt 0:00:08]} 29. Kh2 {[%emt 0:03:02]} Qh4 {[%emt 0:00:21]} 30. Kg1 {[%emt 0:02:10]} Qg5 {[%emt 0:00:09]} 31. Kh2 {[%emt 0:01:03]} g6 {[%emt 0:00:10]} 32. Bb3 {[%emt 0:09:15]} f3 {[%emt 0:01:07]} 33. gxf3 {[%emt 0:00:30]} Qf4+ {[%emt 0:00:20]} 34. Kg2 {[%emt 0:00:20]} Qg5+ {[%emt 0:00:07]} 35. Kh2 {[%emt 0:00:04]} Qf4+ {[%emt 0:01:05]} 36. Kg2 {[%emt 0:00:15]} Qg5+ {[%emt 0:00:08]} 37. Kh2 {[%emt 0:00:50]} 1/2-1/2

[Event "Fagernes GM Swiss 2020"]
[Site "Fagernes"]
[Date "2020.10.07"]
[Round "5.7"]
[White "Elsness, Frode"]
[Black "Dolzhikova, Olga"]
[Result "1-0"]
[WhiteElo "2454"]
[BlackElo "2208"]
[Annotator "ChessBase"]
[PlyCount "71"]
[EventDate "2020.10.04"]
[EventType "swiss"]
[EventCountry "NOR"]
[SourceTitle "playchess.com"]
[Source "ChessBase"]
[SourceQuality "1"]
[TimeControl "40/6000+30:2400+30"]

1. d4 {[%emt 0:02:47]} b6 {[%emt 0:00:26]} 2. e4 {[%emt 0:00:16]} Bb7 {[%emt 0:00:15]} 3. Bd3 {[%emt 0:00:06]} e6 {[%emt 0:00:38]} 4. Nf3 {[%emt 0:01:00]} Nf6 {[%emt 0:01:10]} 5. Qe2 {[%emt 0:02:53]} c5 {[%emt 0:01:23]} 6. c3 {[%emt 0:03:49]} c4 {[%emt 0:13:44]} 7. Bc2 {[%emt 0:05:14]} d5 {[%emt 0:05:30]} 8. e5 {[%emt 0:00:44]} Nfd7 {[%emt 0:01:51]} 9. h4 {[%emt 0:03:54]} Nc6 {[%emt 0:01:48]} 10. h5 {[%emt 0:00:45]} h6 {[%emt 0:01:47]} 11. Nh4 {[%emt 0:02:53]} Qc7 {[%emt 0:07:15]} 12. f4 {[%emt 0:06:58]} O-O-O {[%emt 0:04:02]} 13. Nd2 {[%emt 0:01:18]} Kb8 {[%emt 0:07:18]} 14. Ndf3 {[%emt 0:01:48]} Re8 {[%emt 0:10:33]} 15. O-O {[%emt 0:02:44]} b5 {[%emt 0:01:33]} 16. g4 {[%emt 0:03:34]} Ka8 {[%emt 0:07:49]} 17. Be3 {[%emt 0:11:34]} b4 {[%emt 0:06:16]} 18. f5 {[%emt 0:02:56]} bxc3 {[%emt 0:02:16]} 19. bxc3 {[%emt 0:00:07]} Nd8 {[%emt 0:00:39]} 20. Ng2 {[%emt 0:16:17]} Ba3 {[%emt 0:07:19]} 21. Rab1 {[%emt 0:03:36]} f6 {[%emt 0:01:45]} 22. Bf4 {[%emt 0:06:16]} fxe5 {[%emt 0:07:28]} 23. dxe5 {[%emt 0:00:24]} Nc6 {[%emt 0:01:35]} 24. Nd4 {[%emt 0:06:29]} Bc5 {[%emt 0:01:09]} 25. Rfd1 {[%emt 0:10:30]} Ncxe5 {[%emt 0:05:47]} 26. Kh1 {[%emt 0:01:08]} exf5 {[%emt 0:00:14]} 27. gxf5 {[%emt 0:00:34]} Qa5 {[%emt 0:06:54]} 28. Qd2 {[%emt 0:03:07]} Ng4 {[%emt 0:03:27]} 29. Rb5 {[%emt 0:01:39]} Qa6 {[%emt 0:00:42]} 30. Rdb1 {[%emt 0:01:01]} Bc6 {[%emt 0:00:30]} 31. Nxc6 {[%emt 0:04:57]} Qxc6 {[%emt 0:00:04]} 32. Ba4 {[%emt 0:00:31]} Nf2+ {[%emt 0:02:10]} 33. Kh2 {[%emt 0:00:05]} d4 {[%emt 0:00:39]} 34. Rb8+ {[%emt 0:01:15]} Nxb8 {[%emt 0:00:06]} 35. Rxb8+ {[%emt 0:00:09]} Rxb8 {[%emt 0:00:15]} 36. Bxc6+ {[%emt 0:00:04]} 1-0

[Event "Fagernes GM Swiss 2020"]
[Site "Fagernes"]
[Date "2020.10.07"]
[Round "5.8"]
[White "Vitenberg, Noam Aviv"]
[Black "Kaasen, Tor Fredrik"]
[Result "0-1"]
[WhiteElo "2298"]
[BlackElo "2386"]
[Annotator "ChessBase"]
[PlyCount "96"]
[EventDate "2020.10.04"]
[EventType "swiss"]
[EventCountry "NOR"]
[SourceTitle "playchess.com"]
[Source "ChessBase"]
[SourceQuality "1"]
[TimeControl "40/6000+30:2400+30"]

1. d4 {[%emt 0:00:00]} Nf6 {[%emt 0:04:32]} 2. c4 {[%emt 0:00:05]} g6 {[%emt 0:00:37]} 3. Nc3 {[%emt 0:00:11]} Bg7 {[%emt 0:00:35]} 4. e4 {[%emt 0:00:18]} d6 {[%emt 0:00:31]} 5. Nf3 {[%emt 0:00:13]} O-O {[%emt 0:00:32]} 6. Be2 {[%emt 0:00:22]} e5 {[%emt 0:00:24]} 7. Be3 {[%emt 0:00:08]} exd4 {[%emt 0:00:29]} 8. Nxd4 {[%emt 0:00:30]} Re8 {[%emt 0:00:12]} 9. f3 {[%emt 0:00:29]} c6 {[%emt 0:00:32]} 10. Bf2 {[%emt 0:00:38]} d5 {[%emt 0:00:24]} 11. exd5 {[%emt 0:00:20]} cxd5 {[%emt 0:00:07]} 12. O-O {[%emt 0:00:20]} Nc6 {[%emt 0:00:16]} 13. c5 {[%emt 0:01:41]} Bd7 {[%emt 0:00:35]} 14. Ndb5 {[%emt 0:11:48]} Re7 {[%emt 0:01:06]} 15. Re1 {[%emt 0:07:53]} a6 {[%emt 0:06:12]} 16. Nd6 {[%emt 0:07:25]} Be6 {[%emt 0:06:08]} 17. Na4 {[%emt 0:19:26]} b5 {[%emt 0:14:32]} 18. Nb6 {[%emt 0:08:17]} Rb8 {[%emt 0:03:39]} 19. Qc2 {[%emt 0:13:24]} Nh5 {[%emt 0:08:18]} 20. Rad1 {[%emt 0:08:50]} Be5 {[%emt 0:10:11]} 21. g3 {[%emt 0:12:23]} Ra7 {[%emt 0:06:19]} 22. f4 {[%emt 0:08:13]} Bxd6 {[%emt 0:03:47]} 23. cxd6 {[%emt 0:00:17]} Rxb6 {[%emt 0:00:21]} 24. Bxh5 {[%emt 0:00:46]} gxh5 {[%emt 0:00:55]} 25. f5 {[%emt 0:00:28]} Bd7 {[%emt 0:00:50]} 26. Bxb6 {[%emt 0:07:17]} Qxb6+ {[%emt 0:00:09]} 27. Kg2 {[%emt 0:00:05]} Ra8 {[%emt 0:06:00]} 28. f6 {[%emt 0:01:31]} Kh8 {[%emt 0:01:22]} 29. Qd2 {[%emt 0:00:19]} h4 {[%emt 0:01:45]} 30. g4 {[%emt 0:00:46]} h3+ {[%emt 0:01:37]} 31. Kxh3 {[%emt 0:00:32]} Rg8 {[%emt 0:00:15]} 32. Rg1 {[%emt 0:00:34]} Ne5 {[%emt 0:00:58]} 33. Rdf1 {[%emt 0:00:29]} Nf3 {[%emt 0:01:08]} 34. Rxf3 {[%emt 0:00:18]} Qxg1 {[%emt 0:00:09]} 35. Rg3 {[%emt 0:00:40]} Qf1+ {[%emt 0:00:11]} 36. Kh4 {[%emt 0:00:14]} Qxf6+ {[%emt 0:00:36]} 37. g5 {[%emt 0:00:07]} Qe5 {[%emt 0:00:16]} 38. Qf2 {[%emt 0:00:46]} Bf5 {[%emt 0:01:21]} 39. Qe3 {[%emt 0:00:54]} Qxe3 {[%emt 0:00:30]} 40. Rxe3 {[%emt 0:00:01]} Rd8 {[%emt 0:00:16]} 41. Re7 {[%emt 0:03:41]} Be6 {[%emt 0:00:17]} 42. Kh5 {[%emt 0:00:25]} Kg7 {[%emt 0:00:06]} 43. h4 {[%emt 0:01:20]} d4 {[%emt 0:00:30]} 44. Rc7 {[%emt 0:00:47]} d3 {[%emt 0:00:12]} 45. Rc1 {[%emt 0:00:07]} d2 {[%emt 0:00:10]} 46. Rd1 {[%emt 0:00:05]} Rxd6 {[%emt 0:00:06]} 47. b3 {[%emt 0:00:21]} Rd4 {[%emt 0:00:05]} 48. Re1 {[%emt 0:00:17]} Bg4# {[%emt 0:00:07]} 0-1

[Event "Fagernes GM Swiss 2020"]
[Site "Fagernes"]
[Date "2020.10.07"]
[Round "5.9"]
[White "Ingebretsen, Jens E"]
[Black "Galinsky, Timofey"]
[Result "1-0"]
[WhiteElo "2220"]
[BlackElo "2370"]
[Annotator "ChessBase"]
[PlyCount "93"]
[EventDate "2020.10.04"]
[EventType "swiss"]
[EventCountry "NOR"]
[SourceTitle "playchess.com"]
[Source "ChessBase"]
[SourceQuality "1"]
[TimeControl "40/6000+30:2400+30"]

1. e4 {[%emt 0:00:40]} e6 {[%emt 0:00:00]} 2. d4 {[%emt 0:00:05]} d5 {[%emt 0:00:00]} 3. e5 {[%emt 0:00:11]} c5 {[%emt 0:00:15]} 4. c3 {[%emt 0:00:05]} Qb6 {[%emt 0:00:23]} 5. Nf3 {[%emt 0:00:08]} Bd7 {[%emt 0:00:37]} 6. Nbd2 {[%emt 0:02:25]} cxd4 {[%emt 0:02:12]} 7. Nxd4 {[%emt 0:01:53]} Nc6 {[%emt 0:03:03]} 8. N2f3 {[%emt 0:01:04]} f6 {[%emt 0:04:06]} 9. Bd3 {[%emt 0:05:41]} O-O-O {[%emt 0:05:41]} 10. Nxc6 {[%emt 0:04:43]} Bxc6 {[%emt 0:00:27]} 11. O-O {[%emt 0:00:38]} Nh6 {[%emt 0:05:44]} 12. Qe2 {[%emt 0:07:06]} f5 {[%emt 0:03:13]} 13. a4 {[%emt 0:02:56]} Kb8 {[%emt 0:00:14]} 14. b4 {[%emt 0:01:44]} Rc8 {[%emt 0:04:38]} 15. Be3 {[%emt 0:13:09]} Qd8 {[%emt 0:00:06]} 16. Bd4 {[%emt 0:24:31]} f4 {[%emt 0:00:08]} 17. Rfb1 {[%emt 0:02:33]} Bd7 {[%emt 0:01:09]} 18. h4 {[%emt 0:06:13]} Be7 {[%emt 0:00:10]} 19. a5 {[%emt 0:00:38]} Rf8 {[%emt 0:01:46]} 20. b5 {[%emt 0:02:48]} Nf5 {[%emt 0:03:11]} 21. Bxa7+ {[%emt 0:05:21]} Kxa7 {[%emt 0:00:04]} 22. b6+ {[%emt 0:00:07]} Kb8 {[%emt 0:00:05]} 23. a6 {[%emt 0:00:18]} Rc6 {[%emt 0:03:43]} 24. axb7 {[%emt 0:02:54]} Rxb6 {[%emt 0:00:05]} 25. Ra8+ {[%emt 0:05:40]} Kxb7 {[%emt 0:00:19]} 26. Rxd8 {[%emt 0:00:04]} Rxb1+ 27. Bxb1 {[%emt 0:00:02]} Bxd8 {[%emt 0:00:59]} 28. Qb2+ {[%emt 0:00:57]} Bb6 {[%emt 0:00:51]} 29. Qb4 {[%emt 0:01:11]} Re8 {[%emt 0:02:49]} 30. Qxf4 {[%emt 0:01:38]} Rc8 {[%emt 0:01:46]} 31. Qd2 {[%emt 0:01:55]} g6 {[%emt 0:00:15]} 32. Bd3 {[%emt 0:03:17]} Bc6 {[%emt 0:02:18]} 33. Bxf5 {[%emt 0:02:48]} exf5 {[%emt 0:01:02]} 34. Qh6 {[%emt 0:00:30]} Rc7 {[%emt 0:00:30]} 35. h5 {[%emt 0:00:30]} Be8 {[%emt 0:00:30]} 36. Qf8 {[%emt 0:00:30]} Ba4 {[%emt 0:00:30]} 37. Qg8 {[%emt 0:00:30]} gxh5 {[%emt 0:00:30]} 38. Qxd5+ {[%emt 0:00:30]} Bc6 {[%emt 0:00:30]} 39. Qe6 {[%emt 0:00:30]} Be4 {[%emt 0:00:30]} 40. Nd2 {[%emt 0:00:30]} Rxc3 {[%emt 0:00:30]} 41. Nxe4 {[%emt 0:40:30]} Rc1+ {[%emt 0:40:30]} 42. Kh2 {[%emt 0:00:30]} fxe4 {[%emt 0:00:30]} 43. Qd5+ {[%emt 0:00:30]} Kc7 {[%emt 0:00:30]} 44. Qxe4 {[%emt 0:00:30]} Bxf2 {[%emt 0:00:30]} 45. Qxh7+ {[%emt 0:00:30]} Kb8 {[%emt 0:13:33]} 46. Qg8+ {[%emt 0:08:47]} Rc8 {[%emt 0:00:07]} 47. Qb3+ {[%emt 0:00:12]} 1-0

[Event "Fagernes GM Swiss 2020"]
[Site "Fagernes"]
[Date "2020.10.07"]
[Round "5.10"]
[White "Ranaldi, Lucas"]
[Black "Torngren, Gustav"]
[Result "1-0"]
[WhiteElo "2334"]
[BlackElo "2185"]
[Annotator "TA"]
[PlyCount "143"]
[EventDate "2020.10.04"]
[EventType "swiss"]
[EventCountry "NOR"]
[SourceTitle "playchess.com"]
[Source "ChessBase"]
[SourceQuality "1"]

{[%evp 16,143,14,0,0,8,20,4,6,15,3,1,9,-36,-23,-22,-5,-39,-46,-29,16,0,0,0,50,0,12,13,93,93,110,108,124,133,147,98,102,-239,-239,-216,241,237,224,211,218,204,204,204,193,187,186,186,180,189,183,183,345,344,339,332,316,299,237,195,191,116,129,69,89,91,71,83,122,87,87,86,102,68,102,102,102,102,102,102,102,102,224,0,0,0,216,214,510,502,849,906,741,604,12835,12835,12834,9254,12828,5724,1415,8195,2866,2142,1918,1979,29987,29988,12844,1467,29977,29978,29989,29990,29992,29990,29991,29992,29992,29993,29993,29994,29994,29990,29994,29995]} 1. d4 Nf6 2. c4 g6 3. Nc3 Bg7 4. Nf3 O-O 5. Bg5 h6 6. Bh4 c5 7. d5 d6 8. e3 g5 9. Bg3 Nh5 {E61: King's Indian: Early deviations for White, including Smyslov System.} 10. Bd3 {The main line 10.Bd3 scores better than 10.Nd2.} f5 11. Nd2 Qe8 {The position is equal.} 12. Qc2 Na6 13. a3 Nc7 {[#]} 14. O-O-O $146 ({Predecessor:} 14. f4 e5 15. dxe6 Nxe6 16. O-O gxf4 17. Bf2 fxe3 18. Bxe3 Nd4 19. Bxd4 Bxd4+ 20. Rf2 {0-1 (37) Tihonov,J (2394)-Vardanyan,A (2026) Bialystok 2019}) 14... Bd7 15. f4 gxf4 16. Bxf4 Nxf4 17. exf4 b5 18. Nxb5 Nxb5 19. cxb5 c4 20. Nxc4 Bxb5 21. b3 (21. Bxf5 $2 Rxf5 $1 {[%mdl 512]} 22. Qxf5 Bxc4 $17) 21... Bxc4 (21... Bd7 $11 {remains equal.}) 22. Bxc4 $16 (22. bxc4 Rb8 $17) 22... Qd8 23. Kb1 Qa5 24. Ka2 $1 Rfc8 25. Rhg1 ({Don't play} 25. Qxf5 $6 Rxc4 26. Qe6+ (26. bxc4 Rb8 $11) 26... Kf8 $11) 25... Rab8 {White should prevent ...Rc5!} 26. g4 $2 {[%mdl 8192] [#]} (26. Qxf5 Rxc4 $1 {[%mdl 512]} 27. Qb1 Qc5 28. Rd2 Ra4 $1 {[%mdl 512]} 29. Qc1 Qb5 $1 {[%mdl 512]} 30. Rb2 Rxa3+ $1 {[%mdl 512]} 31. Kb1 Qd3+ 32. Qc2 Ra1+ $1 {[%mdl 512]} 33. Kxa1 Qxc2 34. Rgb1 Qxb3 35. h4 Qa4#) (26. Rb1 $16) 26... Rc5 $1 $19 {[%mdl 512]} 27. Qc1 {[#]} Qb6 $4 {[%mdl 8192]} (27... Rxb3 $1 $19 {[%mdl 512] avoids the disaster. ( -> ...Rxc4!)} 28. Bxb3 (28. Kxb3 Qb6+) 28... Rxc1 29. Rxc1 Qd2+ 30. Rc2 Qe3) 28. gxf5 $18 Kf8 29. Rg2 Bf6 30. Rdg1 Ke8 31. Rg8+ Kd7 {White must now prevent ...Rxc4!} 32. Rxb8 $1 Qxb8 33. b4 $1 {[%cal Rb4c5]} Rc8 34. Qc2 {Threatening mate with Qa4+.} Qb6 35. Rg2 h5 $2 (35... Rh8 36. Be2 Rf8) 36. Qa4+ Kc7 37. Ba6 {White wants to mate with Rc2+.} Rf8 38. Rc2+ Kb8 39. Qc6 Qxc6 40. dxc6 {[%mdl 4096] Endgame KRB-KRB} ({White should try} 40. Rxc6 $18 Bd4 41. h3) 40... Kc7 $16 41. Be2 (41. Bc4 $16) 41... Bd4 42. Bd3 Rg8 43. b5 Rg1 44. Re2 Bf6 45. Kb3 h4 46. Re4 {Strongly threatening Ra4.} Rg2 47. Ra4 Kb8 48. c7+ {[%mdl 64] Decoy} Kxc7 49. Rxa7+ Kb8 50. Ra8+ $1 Kc7 (50... Kxa8 $16 51. Be4+ {[%mdl 64] Double Attack} Ka7 52. Bxg2 Kb6) 51. Ra7+ $2 ({Only move:} 51. a4 $1 $18) 51... Kb8 $11 52. Ra8+ $2 (52. Rb7+ $11 Kxb7 53. Be4+ {[%mdl 64] Double Attack} Kb6 54. Bxg2) 52... Kc7 $1 $18 {[#] Black is on the road to losing.} 53. a4 $1 {[%cal Ba3a4,Ba4a5][%mdl 32] And now a5 would win.} Rxh2 $2 {[#]} (53... Rb2+ 54. Kc4 Rd2) 54. a5 $1 Rh3 (54... Kd7 $142 55. b6 d5) 55. b6+ Kb7 56. Ra7+ Kb8 57. Kc2 Rh2+ 58. Kc1 Rh1+ 59. Kd2 Rh2+ 60. Ke3 Rh3+ 61. Ke2 {White threatens Be4 and mate.} Rh2+ 62. Kf1 {Be4 would kill now.} Rd2 63. Ba6 Rd1+ 64. Kg2 (64. Ke2 $142 Rg1 65. Rb7+ Kc8 66. Rxe7+ Kd8 67. Rf7) 64... h3+ 65. Kxh3 {White mates.} Rh1+ 66. Kg2 Rh8 67. Bc4 Rc8 68. Bd5 {[%csl Gd5][%cal Ra7a8]} Rc2+ 69. Kf3 {[%csl Gd5][%cal Ra7a8]} Rc3+ 70. Kg4 {[%csl Gd5][%cal Ra7a8]} Kc8 71. Ra8+ Kd7 72. b7 {Accuracy: White = 76%, Black = 64%.} 1-0

[Event "Fagernes GM Swiss 2020"]
[Site "Fagernes"]
[Date "2020.10.07"]
[Round "5.11"]
[White "Dahl, Trygve"]
[Black "Lund, Gunnar"]
[Result "1-0"]
[WhiteElo "2211"]
[BlackElo "2302"]
[Annotator "ChessBase"]
[PlyCount "101"]
[EventDate "2020.10.04"]
[EventType "swiss"]
[EventCountry "NOR"]
[SourceTitle "playchess.com"]
[Source "ChessBase"]
[SourceQuality "1"]
[TimeControl "40/6000+30:2400+30"]

1. e4 {[%emt 0:00:00]} c6 {[%emt 0:00:10]} 2. d4 {[%emt 0:00:00]} d5 {[%emt 0:00:05]} 3. Nc3 {[%emt 0:00:00]} dxe4 {[%emt 0:00:08]} 4. Nxe4 {[%emt 0:00:00]} Nf6 {[%emt 0:00:08]} 5. Nxf6+ {[%emt 0:00:00]} exf6 {[%emt 0:00:05]} 6. c3 {[%emt 0:00:00]} Bd6 {[%emt 0:00:16]} 7. Bd3 {[%emt 0:00:00]} O-O {[%emt 0:00:11]} 8. Qc2 {[%emt 0:00:00]} Re8+ {[%emt 0:00:11]} 9. Ne2 {[%emt 0:00:01]} h5 {[%emt 0:00:10]} 10. O-O {[%emt 0:04:28]} h4 {[%emt 0:02:16]} 11. Re1 {[%emt 0:08:32]} Nd7 {[%emt 0:05:47]} 12. Bf4 {[%emt 0:02:03]} Nf8 {[%emt 0:05:22]} 13. Bxd6 {[%emt 0:04:03]} Qxd6 {[%emt 0:00:44]} 14. h3 {[%emt 0:03:40]} Be6 {[%emt 0:05:59]} 15. Rad1 {[%emt 0:00:42]} g6 {[%emt 0:07:54]} 16. c4 {[%emt 0:03:51]} f5 {[%emt 0:02:16]} 17. Qd2 {[%emt 0:12:19]} Bd7 {[%emt 0:05:36]} 18. Qg5 {[%emt 0:08:34]} Qe7 {[%emt 0:03:36]} 19. Qxe7 {[%emt 0:02:53]} Rxe7 {[%emt 0:00:10]} 20. Kf1 {[%emt 0:12:08]} Rae8 {[%emt 0:03:41]} 21. Ng1 {[%emt 0:01:42]} f6 {[%emt 0:07:11]} 22. Rxe7 {[%emt 0:06:21]} Rxe7 {[%emt 0:00:15]} 23. Nf3 {[%emt 0:00:08]} g5 {[%emt 0:00:05]} 24. d5 {[%emt 0:00:05]} Ng6 {[%emt 0:14:37]} 25. d6 {[%emt 0:05:55]} Re8 {[%emt 0:01:30]} 26. Nd4 {[%emt 0:09:24]} Ne5 {[%emt 0:12:51]} 27. Nxf5 {[%emt 0:01:23]} Bxf5 {[%emt 0:00:28]} 28. Bxf5 {[%emt 0:00:36]} c5 {[%emt 0:00:10]} 29. g3 {[%emt 0:11:35]} Kf8 {[%emt 0:00:01]} 30. b3 {[%emt 0:01:08]} Rd8 {[%emt 0:00:02]} 31. Rd5 {[%emt 0:07:31]} b6 {[%emt 0:04:20]} 32. f4 {[%emt 0:06:58]} Nf7 {[%emt 0:03:09]} 33. d7 {[%emt 0:00:00]} hxg3 {[%emt 0:01:56]} 34. fxg5 {[%emt 0:00:00]} fxg5 {[%emt 0:00:07]} 35. Kg2 {[%emt 0:00:00]} Ke7 {[%emt 0:04:53]} 36. Kxg3 {[%emt 0:00:00]} Kf6 {[%emt 0:01:48]} 37. Bg4 {[%emt 0:00:00]} Rh8 {[%emt 0:01:44]} 38. Rf5+ {[%emt 0:00:00]} Kg6 {[%emt 0:00:02]} 39. Rd5 {[%emt 0:00:00]} Kf6 {[%emt 0:00:02]} 40. a3 {[%emt 0:00:00]} a5 {[%emt 0:00:23]} 41. b4 {[%emt 0:40:26]} axb4 {[%emt 0:41:10]} 42. axb4 {[%emt 0:00:05]} cxb4 {[%emt 0:00:16]} 43. Rb5 {[%emt 0:00:22]} Ne5 {[%emt 0:00:55]} 44. Rxb6+ {[%emt 0:00:08]} Kf7 {[%emt 0:00:06]} 45. c5 {[%emt 0:01:48]} Nxg4 {[%emt 0:00:33]} 46. Kxg4 {[%emt 0:00:22]} Ke7 {[%emt 0:00:19]} 47. c6 {[%emt 0:01:03]} Kd6 {[%emt 0:02:10]} 48. Kxg5 {[%emt 0:01:17]} Kc7 {[%emt 0:02:09]} 49. Rxb4 {[%emt 0:00:21]} Kxc6 {[%emt 0:03:17]} 50. Rd4 {[%emt 0:00:18]} Rd8 {[%emt 0:00:09]} 51. Kf6 {[%emt 0:00:12]} 1-0

[Event "Fagernes GM Swiss 2020"]
[Site "Fagernes"]
[Date "2020.10.07"]
[Round "5.12"]
[White "Vestby-Ellingsen, Mads"]
[Black "Eliseev, Sergey"]
[Result "1-0"]
[WhiteElo "2362"]
[BlackElo "2025"]
[Annotator "ChessBase"]
[PlyCount "77"]
[EventDate "2020.10.04"]
[EventType "swiss"]
[EventCountry "NOR"]
[SourceTitle "playchess.com"]
[Source "ChessBase"]
[SourceQuality "1"]
[TimeControl "40/6000+30:2400+30"]

1. d4 {[%emt 0:00:00]} Nf6 {[%emt 0:00:00]} 2. Bg5 {[%emt 0:00:14]} d5 {[%emt 0:01:00]} 3. e3 {[%emt 0:00:16]} c6 {[%emt 0:01:01]} 4. Nd2 {[%emt 0:02:50]} e6 {[%emt 0:03:35]} 5. Bd3 {[%emt 0:01:28]} Nbd7 {[%emt 0:00:59]} 6. f4 {[%emt 0:01:31]} Be7 {[%emt 0:05:58]} 7. Ngf3 {[%emt 0:08:42]} c5 {[%emt 0:04:09]} 8. c3 {[%emt 0:03:07]} b6 {[%emt 0:03:53]} 9. Ne5 {[%emt 0:06:20]} Nxe5 {[%emt 0:08:28]} 10. dxe5 {[%emt 0:00:20]} Nd7 {[%emt 0:19:03]} 11. Bxe7 {[%emt 0:05:43]} Qxe7 {[%emt 0:00:10]} 12. Nf3 {[%emt 0:02:18]} a6 {[%emt 0:07:33]} 13. O-O {[%emt 0:02:38]} Bb7 {[%emt 0:01:07]} 14. Qe2 {[%emt 0:03:36]} Kd8 {[%emt 0:26:01]} 15. b4 {[%emt 0:06:39]} Kc7 {[%emt 0:00:39]} 16. Rab1 {[%emt 0:03:09]} f5 {[%emt 0:13:12]} 17. exf6 {[%emt 0:08:30]} Qxf6 {[%emt 0:00:21]} 18. bxc5 {[%emt 0:00:53]} Nxc5 {[%emt 0:00:36]} 19. Nd4 {[%emt 0:10:19]} b5 {[%emt 0:04:49]} 20. Bxb5 {[%emt 0:15:11]} axb5 {[%emt 0:00:07]} 21. Qxb5 {[%emt 0:04:58]} Qe7 {[%emt 0:00:06]} 22. Qxc5+ {[%emt 0:02:18]} Qxc5 {[%emt 0:00:02]} 23. Nxe6+ {[%emt 0:00:09]} Kd6 {[%emt 0:00:12]} 24. Nxc5 {[%emt 0:00:09]} Bc8 {[%emt 0:03:15]} 25. Nd3 {[%emt 0:01:55]} Bf5 {[%emt 0:01:02]} 26. Rbd1 {[%emt 0:00:18]} Rhc8 {[%emt 0:04:46]} 27. Nb4 {[%emt 0:00:31]} Be4 {[%emt 0:00:04]} 28. Nxd5 {[%emt 0:04:00]} Ke6 {[%emt 0:00:52]} 29. f5+ {[%emt 0:04:05]} Kf7 {[%emt 0:00:01]} 30. Rf4 {[%emt 0:05:00]} Bxd5 {[%emt 0:00:09]} 31. Rxd5 {[%emt 0:00:05]} Rxc3 {[%emt 0:00:11]} 32. Rg4 {[%emt 0:03:01]} Rxa2 {[%emt 0:00:29]} 33. h3 {[%emt 0:00:25]} Rxe3 {[%emt 0:02:01]} 34. Rd7+ {[%emt 0:00:09]} Kf6 {[%emt 0:00:02]} 35. Rgxg7 {[%emt 0:00:34]} Kxf5 {[%emt 0:00:56]} 36. Rxh7 {[%emt 0:00:27]} Rg3 {[%emt 0:00:29]} 37. Rdf7+ {[%emt 0:00:50]} Kg5 {[%emt 0:00:32]} 38. Rfg7+ {[%emt 0:00:26]} Kf4 {[%emt 0:00:07]} 39. Rh4+ {[%emt 0:00:08]} 1-0

[Event "Fagernes GM Swiss 2020"]
[Site "Fagernes"]
[Date "2020.10.07"]
[Round "5.13"]
[White "Shehzad, Shazil"]
[Black "Tenold, Andreas"]
[Result "1-0"]
[WhiteElo "2188"]
[BlackElo "1935"]
[Annotator "ChessBase"]
[PlyCount "55"]
[EventDate "2020.10.04"]
[EventType "swiss"]
[EventCountry "NOR"]
[SourceTitle "playchess.com"]
[Source "ChessBase"]
[SourceQuality "1"]
[TimeControl "40/6000+30:2400+30"]

1. e4 {[%emt 0:00:00]} c5 {[%emt 0:00:00]} 2. Nf3 {[%emt 0:00:08]} e6 {[%emt 0:00:03]} 3. d4 {[%emt 0:00:15]} cxd4 {[%emt 0:00:04]} 4. Nxd4 {[%emt 0:00:06]} Nc6 {[%emt 0:00:06]} 5. Nc3 {[%emt 0:00:11]} Qc7 {[%emt 0:00:49]} 6. Be3 {[%emt 0:00:08]} a6 {[%emt 0:00:09]} 7. a3 {[%emt 0:00:05]} Nf6 {[%emt 0:00:26]} 8. f4 {[%emt 0:00:06]} d6 {[%emt 0:00:08]} 9. Qf3 {[%emt 0:00:18]} b5 {[%emt 0:00:27]} 10. Nxc6 {[%emt 0:03:09]} Qxc6 {[%emt 0:00:10]} 11. g4 {[%emt 0:01:46]} Bb7 {[%emt 0:00:22]} 12. Bd3 {[%emt 0:02:52]} Be7 {[%emt 0:11:34]} 13. g5 {[%emt 0:00:18]} Nd7 {[%emt 0:00:17]} 14. O-O-O {[%emt 0:02:42]} Nc5 {[%emt 0:33:07]} 15. Kb1 {[%emt 0:02:19]} Nxd3 {[%emt 0:05:39]} 16. cxd3 {[%emt 0:00:19]} a5 {[%emt 0:00:57]} 17. Rc1 {[%emt 0:10:32]} Qa6 {[%emt 0:04:35]} 18. a4 {[%emt 0:02:12]} bxa4 {[%emt 0:03:54]} 19. Bd4 {[%emt 0:01:28]} O-O {[%emt 0:05:37]} 20. h4 {[%emt 1:21:06]} a3 {[%emt 0:10:16]} 21. Rc2 {[%emt 0:00:00]} Rfd8 {[%emt 0:01:54]} 22. g6 {[%emt 0:00:00]} fxg6 {[%emt 0:05:37]} 23. h5 {[%emt 0:00:00]} e5 {[%emt 0:04:44]} 24. hxg6 {[%emt 0:00:00]} hxg6 {[%emt 0:00:06]} 25. Qg4 {[%emt 0:00:00]} Bc8 {[%emt 0:04:03]} 26. Qxg6 {[%emt 0:00:00]} a2+ {[%emt 0:05:47]} 27. Ka1 {[%emt 0:00:00]} exd4 {[%emt 0:03:39]} 28. Rch2 {[%emt 0:00:00]} 1-0